| 000 | 00000nam##2200000za#4500 |
| 001 | 9.673498 |
| 003 | CaOODSP |
| 005 | 20241105150733 |
| 007 | ta |
| 008 | 150407|2012||||xxc||||| f|0| 0 fre|d |
| 020 | |a978-1-100-54295-9 |
| 040 | |aCaOODSP|bfre |
| 041 | |aeng |
| 041 | |afre |
| 043 | |an-cn--- |
| 086 | 1 |aIu71-1/2-2012 |
| 110 | 2 |aOffice de la propriété intellectuelle du Canada. |
| 245 | 10|aStratégie d'affaires de l'OPIC 2012-2017 |
| 260 | |aGatineau - Québec : |bIndustrie Canada. |c[2012]. |
| 300 | |aTexte français, 21p. : |bfigures en couleur, ill. en couleur, photographies ; |c22 cm. + |eUn feuillet détachable intitulé : Une feuille de route pour la mise en oeuvre du cadre stratégique de l'OPIC. |
| 500 | |a« Inspiré par l'innovation; engagé à réussir »--couv. L'ISBN (978-1-100-544295-9) imprimé dans cette publication est incorrect. |
| 520 | 3 |aCette stratégie orientera les décisions et les engagements au cours des cinq prochaines années. |
| 563 | |aReliure à spirale |
| 590 | |a12-37|b2012-09-14 |
| 691 | 07|aPropriété intellectuelle|2gcpds |
| 776 | 0#|tStratégie d'affaires de l'OPIC 2012-2017 |w(CaOODSP)9.640241 |
| 776 | 0#|tCIPO business strategy 2012-2017 |w(CaOODSP)9.696120 |
| 791 | |tCIPO business strategy 2012-2017 |eeng|w(CaOODSP)9.673497 |
| 794 | |tStratégie d'affaires de l'OPIC 2017-2022 |w(CaOODSP)9.838199 |